00687nam a22002297a 45000010005000000030006000050050017000110080041000280200018000690400029000870500013001160820010001291000032001392450040001712600040002113000048002515050008002995200076003075210029003835210020004126500025004324479FISKH20260130123137.0240911b cb ||||| |||| 00| 0 eng d a9780439199841 aFISKHbengcFISKHdFISKH aPZ8.J263 a813.5 aJanovitz, Marilyn eauthor  aIs It Time? /cby Marilyn Janovitz  aNew York : bScholastic ; c1994 .  a25 pages : bcolor illustrations ;c23 cm . aD  aRhyming questions and answers lead Ted the wolf from his bath into bed.8 a200 bLexile estimate 8 aD bRaz-Plus  abedtime vLiterature